[Event "Online Olym Div4 B"]
[Site "Chess.com INT"]
[Date "2020.08.01"]
[Round "4.5"]
[White "Murara Urwintwari, Ian"]
[Black "Abdulla Mohammed, Al Homaid"]
[Result "1/2-1/2"]
[WhiteElo "1680"]
[BlackElo "1301"]
[PlyCount "68"]
[EventDate "2020.07.31"]
[EventType "team-tourn (rapid)"]
[EventRounds "9"]
[EventCountry "USA"]
[SourceTitle "CBM 198"]
[Source "ChessBase"]
[SourceDate "2020.10.31"]
[SourceVersion "1"]
[SourceVersionDate "2020.10.31"]
[SourceQuality "1"]
[WhiteTeam "Rwanda"]
[BlackTeam "Qatar"]
[WhiteTeamCountry "RWA"]
[BlackTeamCountry "QAT"]

1. c4 e6 2. Nc3 d5 3. d4 Nf6 4. Nf3 Be7 5. Bf4 0-0 6. e3 Nbd7 7. cxd5 exd5 8. Bd3 Re8 9. 0-0 c6 10. Qc2 Nf8 11. h3 Ng6 12. Bh2 Bd6 13. Ne5 Nxe5 14. dxe5 Bxe5 15. f4 Bc7 16. Rae1 Bb6 17. Rf3 d4 18. Ne4 Nd5 19. Ng5 h6 20. Bh7+ Kf8 21. Ne4 Nxe3 22. Qb1 g6 23. Ng5 hxg5 24. Bxg6 d3 25. fxg5 Nc2+ 26. Kh1 Rxe1+ 27. Qxe1 Nxe1 28. Rxf7+ Kg8 29. Be5 Be6 30. Rh7 Kf8 31. Bg7+ Kg8 32. Be5 Kf8 33. Bg7+ Ke7 34. Be5+ Kf8 1/2-1/2

[Event "Online Olym Div4 B"]
[Site "Chess.com INT"]
[Date "2020.07.31"]
[Round "1.3"]
[White "Abdulla Mohammed, Al Homaid"]
[Black "Rousis, Chrysostomos"]
[Result "1-0"]
[WhiteElo "1301"]
[BlackElo "1692"]
[PlyCount "127"]
[EventDate "2020.07.31"]
[EventType "team-tourn (rapid)"]
[EventRounds "9"]
[EventCountry "USA"]
[SourceTitle "CBM 198"]
[Source "ChessBase"]
[SourceDate "2020.10.31"]
[SourceVersion "1"]
[SourceVersionDate "2020.10.31"]
[SourceQuality "1"]
[WhiteTeam "Qatar"]
[BlackTeam "Cyprus"]
[WhiteTeamCountry "QAT"]
[BlackTeamCountry "CYP"]

1. e4 c5 2. Nf3 d6 3. Bb5+ Nd7 4. c3 a6 5. Ba4 b5 6. Bc2 Ngf6 7. 0-0 e6 8. d4 Qc7 9. Re1 Be7 10. Nbd2 Bb7 11. Nf1 0-0 12. Ng3 Rac8 13. Bd3 Rfd8 14. h3 c4 15. Bc2 e5 16. Nh2 a5 17. Ng4 b4 18. Qf3 Nxg4 19. Qxg4 Nf6 20. Qf3 g6 21. Bh6 bxc3 22. bxc3 exd4 23. cxd4 c3 24. Qf4 Qc6 25. d5 Qc7 26. Bg5 Ne8 27. Re3 Bxg5 28. Qxg5 Ng7 29. Rf3 Rf8 30. h4 Qd8 31. Qh6 f5 32. exf5 Bxd5 33. fxg6 Rxf3 34. Qxh7+ Kf8 35. Qh8+ Ke7 36. Qxg7+ Rf7 37. Nf5+ Kd7 38. gxf7 Qf8 39. Ba4+ Kc7 40. Qxf8 Rxf8 41. Be8 Be6 42. Nh6 d5 43. Rc1 d4 44. Kf1 Kd6 45. Ke2 Kc5 46. Kd3 Bxa2 47. g4 Bc4+ 48. Ke4 a4 49. g5 a3 50. g6 Rh8 51. g7 Rxh6 52. f8Q+ Kb6 53. Qb4+ Bb5 54. Qxb5+ Kc7 55. Qc5+ Kd8 56. g8Q Rxh4+ 57. Kd3 Rh3+ 58. Kc4 d3 59. Qd6+ Kc8 60. Qge6+ Kb7 61. Qed7+ Ka8 62. Q7c6+ Ka7 63. Qdd7+ Kb8 64. Qcc8# 1-0

[Event "Online Olym Div4 B"]
[Site "Chess.com INT"]
[Date "2020.07.31"]
[Round "2.4"]
[White "Koniahli, Malek"]
[Black "Abdulla Mohammed, Al Homaid"]
[Result "1-0"]
[WhiteElo "2261"]
[BlackElo "1301"]
[PlyCount "81"]
[EventDate "2020.07.31"]
[EventType "team-tourn (rapid)"]
[EventRounds "9"]
[EventCountry "USA"]
[SourceTitle "CBM 198"]
[Source "ChessBase"]
[SourceDate "2020.10.31"]
[SourceVersion "1"]
[SourceVersionDate "2020.10.31"]
[SourceQuality "1"]
[WhiteTeam "Syria"]
[BlackTeam "Qatar"]
[WhiteTeamCountry "SYR"]
[BlackTeamCountry "QAT"]

1. d4 d5 2. Nf3 Nf6 3. Bf4 c5 4. e3 Nc6 5. c3 cxd4 6. exd4 Bg4 7. Nbd2 e6 8. h3 Bh5 9. Bd3 Be7 10. 0-0 0-0 11. Re1 Bg6 12. Qe2 Re8 13. Ne5 Nxe5 14. Bxe5 Bd6 15. f4 Qe7 16. g4 Bxd3 17. Qxd3 Nd7 18. Re2 f6 19. Bxd6 Qxd6 20. Rae1 Re7 21. Kg2 Rae8 22. Qg3 Nf8 23. f5 e5 24. dxe5 Rxe5 25. Rxe5 Rxe5 26. Nf3 Nd7 27. Nxe5 Nxe5 28. Qe3 Qc6 29. Qd4 h6 30. Rd1 Qb5 31. Qxd5+ Qxd5+ 32. Rxd5 Kf7 33. a4 Ke7 34. a5 Nc4 35. Rb5 b6 36. axb6 axb6 37. b3 Ne3+ 38. Kf3 Nd1 39. c4 Nc3 40. Rxb6 Nd5 41. cxd5 1-0

[Event "Gulf-ch Amateur"]
[Site "Kuwait"]
[Date "2019.10.28"]
[Round "8"]
[White "Abdulla Mohammed, Al Homaid"]
[Black "Alhejab, Meshal"]
[Result "0-1"]
[WhiteElo "1185"]
[BlackElo "1472"]
[PlyCount "80"]
[EventDate "2019.10.21"]
[EventType "swiss"]
[EventRounds "9"]
[EventCountry "KUW"]
[SourceTitle "CBM 195 Extra"]
[Source "ChessBase"]
[SourceDate "2020.05.31"]
[SourceVersion "1"]
[SourceVersionDate "2020.05.31"]
[SourceQuality "1"]

1. e4 d6 2. d4 Nf6 3. Nc3 Nbd7 4. Nf3 e5 5. Bc4 Be7 6. 0-0 0-0 7. Re1 c6 8. a4 Qc7 9. h3 h6 10. a5 Re8 11. Be3 Nf8 12. d5 cxd5 13. Bxd5 Bd7 14. a6 Bc6 15. axb7 Qxb7 16. Bxc6 Qxc6 17. Qd3 Reb8 18. Nd5 Nxd5 19. exd5 Qd7 20. b3 f5 21. Qa6 f4 22. Bd2 Qb5 23. Ra5 Qxa6 24. Rxa6 Rb5 25. Ra5 Rxa5 26. Bxa5 Rb8 27. b4 Rc8 28. Rc1 Nd7 29. c4 Nf6 30. c5 e4 31. Nd4 dxc5 32. bxc5 Rxc5 33. Rxc5 Bxc5 34. Ne6 Bd6 35. Bc7 Bxc7 36. Nxc7 a5 37. d6 Kf7 38. Nb5 Ke6 39. Kf1 Ne8 40. Nc3 Nxd6 0-1

[Event "Gulf-ch Amateur"]
[Site "Kuwait"]
[Date "2019.10.23"]
[Round "3"]
[White "Abdulla Mohammed, Al Homaid"]
[Black "Abdulla, Mohammed"]
[Result "1-0"]
[WhiteElo "1185"]
[BlackElo "1532"]
[PlyCount "73"]
[EventDate "2019.10.21"]
[EventType "swiss"]
[EventRounds "9"]
[EventCountry "KUW"]
[SourceTitle "CBM 195 Extra"]
[Source "ChessBase"]
[SourceDate "2020.05.31"]
[SourceVersion "1"]
[SourceVersionDate "2020.05.31"]
[SourceQuality "1"]

1. e4 e5 2. Nf3 Nc6 3. Bc4 Be7 4. 0-0 Nf6 5. d3 d6 6. c3 Na5 7. Bb5+ c6 8. Ba4 b5 9. Bc2 0-0 10. Nbd2 c5 11. Re1 Nc6 12. Nf1 a5 13. a3 Bg4 14. h3 Bh5 15. Ng3 Bg6 16. d4 cxd4 17. cxd4 Qc7 18. Bg5 h6 19. Be3 Nh5 20. Rc1 Nxg3 21. fxg3 Rad8 22. Bb3 Bxe4 23. d5 Bxf3 24. Qxf3 Rc8 25. Rxc6 Qd7 26. Rec1 a4 27. Ba2 f5 28. Qh5 f4 29. Rxc8 Rxc8 30. Rxc8+ Qxc8 31. gxf4 Bf6 32. Qg6 Kh8 33. Bb1 Qg8 34. fxe5 Bxe5 35. Bxh6 Bd4+ 36. Kh1 Be5 37. Bg5 1-0